| 000 -LEADER |
| fixed length control field |
00692cam a2200205 i 4500 |
| 001 - CONTROL NUMBER |
| control field |
17608094 |
| 005 - DATE AND TIME OF LATEST TRANSACTION |
| control field |
20221114110825.0 |
| 008 - FIXED-LENGTH DATA ELEMENTS--GENERAL INFORMATION |
| fixed length control field |
130130s2013 flu b 001 0 eng |
| 020 ## - INTERNATIONAL STANDARD BOOK NUMBER |
| International Standard Book Number |
9781439884461x |
| 041 ## - LANGUAGE CODE |
| Language code of text/sound track or separate title |
eng |
| 082 00 - DEWEY DECIMAL CLASSIFICATION NUMBER |
| Classification number |
530.11 |
| Edition number |
23 |
| 100 1# - MAIN ENTRY--PERSONAL NAME |
| Personal name |
Lawrie, Ian D. |
| 9 (RLIN) |
669 |
| 245 12 - TITLE STATEMENT |
| Title |
A unified grand tour of theoretical physics / |
| Statement of responsibility, etc. |
Ian D. Lawrie, formerly professor of theoretical physics, University of Leeds. |
| 250 ## - EDITION STATEMENT |
| Edition statement |
Third edition. |
| 264 #1 - PRODUCTION, PUBLICATION, DISTRIBUTION, MANUFACTURE, AND COPYRIGHT NOTICE |
| Place of production, publication, distribution, manufacture |
Boca Raton : |
| Name of producer, publisher, distributor, manufacturer |
CRC Press, Taylor & Francis Group, |
| Date of production, publication, distribution, manufacture, or copyright notice |
[2013] |
| 300 ## - PHYSICAL DESCRIPTION |
| Extent |
693 pages ; |
| Dimensions |
24 cm. |
| 504 ## - BIBLIOGRAPHY, ETC. NOTE |
| Bibliography, etc. note |
Includes bibliographical references (pages 677-684) and index. |
| 653 ## - INDEX TERM--UNCONTROLLED |
| keyword |
ფიზიკა |
| 942 ## - ADDED ENTRY ELEMENTS (KOHA) |
| Source of classification or shelving scheme |
|
| Koha item type |
წიგნი |